| 000 | 00692nam a22001817a 4500 | ||
|---|---|---|---|
| 005 | 20251108171912.0 | ||
| 008 | 250721s2001 xx 000 0 ara d | ||
| 082 | 1 | 4 | _a345.05/نجم |
| 100 | 1 | _aصبحي، محمد | |
| 245 | 1 | 0 |
_aرضا المجني عليه وأثره من المسؤولية الجنائية دراسة قانونية : _bموضوع رسالة دكتوراة في القانون العلوم الجنائية 1975 / |
| 264 | 1 |
_aعمان : _bدار الثقافة للنشر والتوزيع، _c2001. |
|
| 300 | _a339ص | ||
| 650 | 1 | 7 | _aالجرائم |
| 650 | 1 | 7 | _aالقانون الجنائي |
| 700 | 1 | _aنجم، محمد | |
| 942 |
_2ddc _cBK |
||
| 999 |
_c65532 _d65532 |
||